00780cam a22002173a 45000010005000000030006000050050017000110080041000280400015000690420007000840500007000911000035000982450198001332600029003315060030003605160020003906530043004106530040004538300028004938560041005215005PGUSA20140828083112.0040925s2004||||xxu|||||s|||||000 | eng d aPGUSAbeng adc 4aDU1 aLeichhardt, Ludwig,d1813-184810aJournal of an Overland Expedition in Australia :bFrom Moreton Bay to Port Essington, a distance of upwards of 3000 miles, during the years 1844-1845h[electronic resource] /cLudwig Leichhardt bProject Gutenberg,c2004 aPublic domain in the USA. aElectronic text aAustralia -- Discovery and exploration aAustralia -- Description and travel 0aProject Gutenbergv500540uhttp://www.gutenberg.org/ebooks/5005